| 000 | 00736nam a2200193 a 4500 | ||
|---|---|---|---|
| 008 | 071029s1999 ||||||||||||||||| || u | ||
| 020 | _a082134627X | ||
| 050 | _aIBRD(06)SSS/1999/1 | ||
| 100 | _aManning, Nick | ||
| 245 | 1 | 0 |
_aStrategic decisionmaking in cabinet government: institutional underpinnings and obstacles _cNick Manning (and others) |
| 260 |
_aWashington, D.C. _bWorld Bank _c1999 |
||
| 350 | _a0.00 | ||
| 490 | _aWorld Bank Sector Studies | ||
| 650 | _aGOVERNANCE | ||
| 650 | _aGOVERNMENT POLICY | ||
| 650 | 0 | _aDECISION MAKING | |
| 710 | _aWorld Bank | ||
| 995 |
_D0.00 _FCBU-MAIN LIBRARY (Kitwe) _H1 _I0.00 _M1 _UAVAILABLE _WOct 29, 2007 _ZInternational Publications |
||
| 999 |
_c58486 _d58486 |
||